000 00839cam a2200253 4500
008 090401t1992 xxu||||| |||| 00| 0 eng d
020 _a0117526304
035 _a(Sirsi) u59517
041 _aeng
050 _a711.1
110 _aUnited Kingdom
_bDepartment of the Environment
_9982
245 _aPlanning policy guidance: general policy and principles.
250 _a2nd ed.
260 _aLondon
_bHMSO
_c1992
300 _a(9)p. ; 30cm.
350 _a2.75
490 _aPPG
_v1
520 _aA revision of PPG1, first published in January 1988, which reflects the changes brought about by the Planning and Compensation Act 1991 and the White Paper "This Common Inheritance".
650 _aPPG1
690 _aPLANNING LAW AND PRACTICE
710 _aUnited Kingdom
_bWelsh Office
_91214
942 _n0
948 _c04/03/1997
999 _c94158
_d94158